000 00299nam a2200121Ia 4500
008 190216s9999||||xx |||||||||||||| ||und||
100 _aRichard Brinsley Sheridan
245 4 _aThe School For Scandal
260 _bSurjeet Pubs.Delhi
_c1994
300 _a94p
650 _aEnglish Drama
942 _cBK
999 _c14107
_d14107